Riziko a myslenie založené na rizikách

Problematike rizika, ktorá je základom manažérstva rizika (ISO 31000:2009) a integrovanou súčasťou manažérstva kvality (ISO 9001:2015). Zásady, návod a podstatné črty manažérstva rizika. Medzinárodná norma poskytuje zásady a všeobecný návod na manažérstvo rizika.

Na minha lista:
Detalhes bibliográficos
Autor principal: Košútová, Tatiana, 1962-
Formato: Capítulo de Livro
Idioma:eslovaco
Assuntos:
Tags: Adicionar Tag
Sem tags, seja o primeiro a adicionar uma tag!

MARC

LEADER 00000nla a2200000 4500
001 0227811
005 20240502073743.5
041 0 |a slo 
044 |a SK 
245 1 0 |a Riziko a myslenie založené na rizikách  |c Tatiana Košútová 
520 |a Problematike rizika, ktorá je základom manažérstva rizika (ISO 31000:2009) a integrovanou súčasťou manažérstva kvality (ISO 9001:2015). Zásady, návod a podstatné črty manažérstva rizika. Medzinárodná norma poskytuje zásady a všeobecný návod na manažérstvo rizika. 
610 2 0 |a manažment strategický 
610 2 0 |a metódy riadenia 
610 2 0 |a nástroje riadenia 
610 2 0 |a riadenie rizík 
610 2 0 |a riadenie kvality 
610 2 0 |a ciele riadenia 
610 2 0 |a normy ISO 
100 1 |a Košútová, Tatiana, 1962-